L´Espagne (Record no. 7144)

MARC details
000 -CABECERA
campo de control de longitud fija 00737nam a2200241 a 4500
001 - NÚMERO DE CONTROL
campo de control BRCA_7468
005 - FECHA Y HORA DE LA ÚLTIMA TRANSACCIÓN
campo de control 20190320205840.0
008 - DATOS DE LONGITUD FIJA--INFORMACIÓN GENERAL
campo de control de longitud fija 180413s1874----fr-a######---#000-0#fre-#
041 ## - CÓDIGO DE LENGUA
Código de lengua del texto/banda sonora o título independiente fre
044 ## - CÓDIGO DEL PAÍS DE LA ENTIDAD EDITORA/PRODUCTORA
Código MARC del país fr
050 #4 - SIGNATURA TOPOGRÁFICA DE LA BIBLIOTECA DEL CONGRESO
Número de clasificación DP41
Número de documento/Ítem .D38 1874
100 1# - ENTRADA PRINCIPAL--NOMBRE DE PERSONA
Nombre de persona Davillier, Jean Charles
Títulos y otros términos asociados al nombre barón
Fechas asociadas al nombre 1823-1883
9 (RLIN) 12438
245 10 - MENCIÓN DE TÍTULO
Título L´Espagne
Mención de responsabilidad, etc. par le Baron Ch. Davillier ; illustree par Gustave Dore.
260 ## - PUBLICACIÓN, DISTRIBUCIÓN, ETC.
Lugar de publicación, distribución, etc. París
Nombre del editor, distribuidor, etc. Hachette
Fecha de publicación, distribución, etc. 1874
300 ## - DESCRIPCIÓN FÍSICA
Extensión 799 p.
Otras características físicas il., 309 láminas
500 ## - NOTA GENERAL
Nota general Edición con cantos dorados
500 ## - NOTA GENERAL
Nota general Q226
651 #4 - PUNTO DE ACCESO ADICIONAL DE MATERIA--NOMBRE GEOGRÁFICO
Nombre geográfico España
Subdivisión general Descripción y viajes
9 (RLIN) 7912
651 #4 - PUNTO DE ACCESO ADICIONAL DE MATERIA--NOMBRE GEOGRÁFICO
Nombre geográfico España
Subdivisión general Vida social y costumbres
9 (RLIN) 14203
700 1# - PUNTO DE ACCESO ADICIONAL--NOMBRE DE PERSONA
Nombre de persona Doré, Paul Gustave
Fechas asociadas al nombre 1832-1883
Término indicativo de función/relación il.
9 (RLIN) 18387
902 ## - CATALOGADOR
Iniciales GFM
942 ## - ELEMENTOS DE PUNTO DE ACCESO ADICIONAL (KOHA)
Fuente del sistema de clasificación o colocación Library of Congress Classification
Tipo de ítem Koha Libros
Holdings
Estado de retiro Estado de pérdida Estado dañado No para préstamo Localización permanente Ubicación/localización actual Fecha de adquisición Número de inventario Total de préstamos Signatura topográfica completa Código de barras Fecha visto por última vez Precio válido a partir de Tipo de ítem Koha
El ejemplar forma parte de la colección y puede ser consultado según las políticas vigentes.       Biblioteca del Museo Franz Mayer (Rogerio Casas-Alatriste) Biblioteca del Museo Franz Mayer (Rogerio Casas-Alatriste) 09/04/2013 Q226   DP41 .D38 1874 (Q226) 8071 22/03/2019 22/03/2019 Libros